| 000 | 00787nam a2200277Ma 4500 | ||
|---|---|---|---|
| 001 | 78347 | ||
| 005 | 20230410105425.0 | ||
| 008 | 091022s2009 fr 000 0 fre d | ||
| 010 | _a 2009515391 | ||
| 035 | _a(OCoLC)ocn517552261 | ||
| 040 |
_aLVB _bfre _cLVB |
||
| 020 | _a9782213644486 | ||
| 020 | _a2213644489 | ||
| 035 | _a(OCoLC)517552261 | ||
| 050 | 1 | 4 |
_aHB3717 2008 _b.A88 2009 |
| 100 | 1 | _aAttali, Jacques. | |
| 245 | 1 | 0 |
_aSurvivre aux crises / _cJacques Attali. |
| 260 |
_a[Paris] : _bFayard, _c2009. |
||
| 300 |
_a291 p. ; _c19 cm. |
||
| 650 | 6 |
_aCrise financiáere mondiale, 2008-2009 _xAspect social. |
|
| 650 | 6 |
_aDâeveloppement âeconomique _xAspect social. |
|
| 650 | 6 | _aDâeveloppement social. | |
| 942 |
_2lcc _cbk |
||
| 994 |
_aC0 _bDRFGD |
||
| 946 | _arpeña | ||
| 999 |
_c36429 _d36429 |
||